000 00708nam a22001937a 4500
005 20260107145205.0
008 260107b |||||||| |||| 00| 0 eng d
037 _cTB
040 _aAL
_cAL
041 _2हिन्दी
_aहिन्दी
084 _aO152:g N2
_qAL
100 _aचंदेरबली सिंह
_9862677
245 _aलोक दृष्टि और हिन्दी साहित्य
300 _a155
365 _b150
_cINR
650 _2हिन्दी साहित्य
942 _2CC
_cTB
_hO152:g N2
_n0
999 _c1467152
_d1467152